|
|
|
|
| LEADER |
00626cam a2200193 7i4500 |
| 001 |
0000037888 |
| 005 |
20151104090000.0 |
| 005 |
##20151104145000.0 |
| 003 |
##MY-KlINT |
| 020 |
# |
# |
|a 9839960431
|
| 039 |
# |
9 |
|y 201511041450
|z VLOAD
|
| 090 |
0 |
0 |
|a 297.19785
|b HAQ
|
| 100 |
1 |
# |
|a Haque, Ziaul
|
| 245 |
1 |
0 |
|a Riba :
|b the moral economy of usuary, interest and profit /
|c by Ziaul Haque.
|
| 260 |
# |
# |
|a Kuala Lumpur:
|b S. Abdul Majeed & Co. for Ikraq,
|c 1995.
|
| 300 |
# |
# |
|a 180p;
|c 22cm.
|
| 500 |
# |
# |
|a Includes bibliographical references and index
|
| 650 |
# |
0 |
|a Economy --
|x Religious aspects --
|y Islam
|
| 650 |
# |
0 |
|a Interest and usuary (Islamic Law)
|